00852nam a2200241Ia 4500001000600000003000900006008004100015040001300056040001300069041001200082100001800094100002900112245004400141245003100185250001100216260001400227260001700241260004900258300005900307500017000366650004300536650003100579F0109IT-RoPAU130308s9999 xx 000 0 und d aIT-RoPAU cIT-RoPAU aINGLESE aLeiss William gCodice Aut. SPICS: 21147 aRisk Communication and Public Knowledge bCommunication Theory today a1a ed. aCAMBRIDGE bPolity Press c1994 [1° Ed.:1994 - Ed.Ling.Originale:1994] a"13 p. (prefazione: no ; testo: 13 [pagine: 127-139])" aComunicazione del rischio e Sapere Pubblico. Teoria della Trasmissione Delmessaggio. Comunicazione del Rischio: Applicazione di un Modello vecchio Apolitica Attuale. aSOCIOLOGIA DELLA COMUNICAZIONE SOCIALE eCodice materia Spics: 3806